Estadísticas para Países una vez que son parte de Polonia

Haz click aquí para intentar la prueba.

Estadísticas generales

  • Esta prueba ha sido intentada 112 veces
  • La puntuación promedio es 10 de 12

Estadísticas de respuestas

Pais% Correcto
Lituania
97%
Rusia
97%
Alemania
96%
Ucrania
93%
Bielorrusia
91%
Letonia
90%
Eslovaquia
89%
Estonia
89%
Republica checa
86%
Rumania
72%
Moldavia
68%
Polonia
54%

Distribución de puntuación

Porcentaje por número respondido

Porcentaje de gente con cada puntuación

Historial de tus puntuaciones

No has intentado esta prueba.